000
00466nam a2200133Ia 4500
008
100328s9999 xx 000 0 und d
082
_b
12411
100
_a
देशपांडे हरिहर वामन
245
_a
1857च्या वीर महिला
260
_b
महेश्वर मुद्रणालय
630
_a
1857च्या वीर महिला
730
_a
1857च्या वीर महिला
942
_c
BOOK
999
_c
507666
_d
507663